The Architechture of Camputer Hardware and System Software: (Record no. 62)

MARC details
000 -LEADER
fixed length control field 00479nam a22001697a 4500
005 - DATE AND TIME OF LATEST TRANSACTION
control field 20180203121033.0
008 - FIXED-LENGTH DATA ELEMENTS--GENERAL INFORMATION
fixed length control field 160426b xxu||||| |||| 00| 0 eng d
020 ## - INTERNATIONAL STANDARD BOOK NUMBER
ISBN 9971-51-324-2
041 ## - LANGUAGE CODE
Language code of text/sound track or separate title eng
082 ## - DEWEY DECIMAL CLASSIFICATION NUMBER
Item number 00183
Classification number 004.22
100 ## - MAIN ENTRY--AUTHOR NAME
Personal name Englander, Irv
245 ## - TITLE STATEMENT
Title The Architechture of Camputer Hardware and System Software:
Remainder of title an introduction technology approach
250 ## - EDITION STATEMENT
Edition statement 2nd ed.
260 ## - PUBLICATION, DISTRIBUTION, ETC. (IMPRINT)
Place of publication New Delhi
Name of publisher John Wiley & Sons Inc,
Year of publication 2000
300 ## - PHYSICAL DESCRIPTION
Number of Pages 764
942 ## - ADDED ENTRY ELEMENTS (KOHA)
Koha item type Books
Holdings
Lost status Damaged status Collection code Home library Current library Shelving location Date acquired Full call number Accession Number Koha item type
    CS/IT JRU Library JRU Library SHELF-49-A 26/04/2016 00183 00183 Books